01260 2200385 4500001002100000005001500021035002000036007000300056008004100059020002200100082001500122084001700137100002700154245015500181250003200336300004000368650002200408700002800430700002400458700002900482700004100511700003100552700002400583700002800607504003300635264003200668336002100700337003000721338002300751040002200774090002200796850001200818999002200830990002200852INLIS00000000088013320230718112611 a0010-0723000504ta230718b2022 xx a g ind d a978-623-02-4311-004223a355.03 a355.03 SYA k0 aSyamsunasirePengarang10aKeamanan nasional /cSyamsunasir, Endro Legowo, Purwanto, Panji Suwarno, I Dewa Ketut Kerta Widana, Achmed Sukendro, Yusnaldi; penyunting, Adi Bandono aCetakan pertama, Maret 2022 axvi, 226 halaman :bgambar ;c23 cm04aKeamanan nasional0 aEndro LegowoePengarang0 aPurwantoePengarang0 aPanji SuwarnoePengarang0 aI Dewa Ketut Kerta WidanaePengarang0 aAchmed SukendroePengarang0 aYusnaldiePengarang0 aAdi BandonoePenyunting aBibliografi: halaman 215-22631aSleman :bDeepublish,c2022 2rdacontentateks 2rdamediaatanpa perantara 2rdacarrieravolume aYOPDYOGbinderda aCB-D.11 2022-3897 aYOPDYOG aCB-D.11/2022-3897 aCB-D.11/2022-3897